[Event "Barquisimeto"]
[Site "Barquisimeto"]
[Date "2016.01.04"]
[Round "1"]
[White "Frometa Gomez, Rene Leonardo"]
[Black "Bobadilla Viera, Jorge Samuel"]
[Result "0-1"]
[WhiteElo "2000"]
[BlackElo "2149"]
[PlyCount "72"]
[EventDate "2016.01.04"]
[EventType "tourn"]
[EventRounds "10"]
[EventCountry "VEN"]
[SourceTitle "EXT 2017"]
[Source "ChessBase"]
[SourceDate "2016.10.25"]
[SourceVersion "1"]
[SourceVersionDate "2016.10.25"]
[SourceQuality "1"]

1. d4 Nf6 2. c4 e6 3. Nf3 c5 4. g3 b6 5. Bg2 Bb7 6. 0-0 cxd4 7. Qxd4 Nc6 8. Qd1 Be7 9. Nc3 a6 10. e4 Qc7 11. Bf4 d6 12. Rc1 Ne5 13. Re1 0-0 14. b3 Nfd7 15. Qe2 Rac8 16. h3 Qb8 17. Red1 Rc7 18. Be3 Rfc8 19. Bd4 Bc6 20. Nh2 b5 21. f4 Ng6 22. Rb1 b4 23. f5 Nge5 24. fxe6 fxe6 25. Na4 Bxa4 26. bxa4 Rxc4 27. Kh1 a5 28. h4 Rc2 29. Qe3 Bf6 30. Bh3 Nf8 31. Nf3 Nxf3 32. Qxf3 Bxd4 33. Rxd4 R8c3 34. Qg4 d5 35. Rf1 Rxg3 36. Qxg3 Qxg3 0-1